000 00961nam a2200241 i 4500
001 131491
003 ES-MaACL
005 20230906194006.0
007 t|
008 070214s1975 sp |||| | spa d
100 1 _aRodríguez Alcaide, José Javier.
_998324
245 1 0 _aFactores retardadores e impulsores del desarrollo industrial en Andalucía y Badajoz /
_cJosé Javier Rodríguez Alcaide, Antonio Titos Moreno.
260 _aSevilla :
_bUniversidad,
_c1975.
300 _a140 p. ;
_c21 cm.
490 1 _aEdiciones del Instituto de Desarrollo Regional ;
_v2
650 4 _aDesarrollo industrial-
_zAndalucía.
_9169200
650 4 _aDesarrollo industrial-
_zBadajoz (Provincia)
_9169201
700 1 _aTitos Moreno, Antonio.
_9110349
710 2 _aUniversidad de Sevilla.
_bInstituto de Desarrollo Regional.
_9169195
830 0 _aEdiciones del Instituto de Desarrollo Regional ;
_v2
_9219582
852 _aES-MaACL
_jE-8182
999 _c131491
_d131491